| 000 | 00643nam a22002297a 4500 | ||
|---|---|---|---|
| 942 | _cBK | ||
| 999 |
_c608 _d608 |
||
| 005 | 20250420134818.0 | ||
| 008 | 200812b ||||| |||| 00| 0 eng d | ||
| 020 | _a9780071289467 | ||
| 040 | _cKCST | ||
| 082 |
_a621.3822 _bMi Di |
||
| 100 |
_aMitra, Sanjit K. _95067 |
||
| 245 |
_aDigital signal processing : _ba computer-based approach / _cSanjit K. Mitra |
||
| 250 |
_a4th edition _bInt. edition |
||
| 260 |
_aNew York: _bMcGraw-Hill, _c2011. |
||
| 300 | _a939 p. | ||
| 650 |
_aMATLAB _9976 |
||
| 650 |
_aSignal processing _9645 |
||
| 650 |
_aDigital techniques _94618 |
||
| 650 |
_aData processing _95068 |
||
| 942 | _2ddc | ||